| 000 | 00407nam a22001337a 4500 | ||
|---|---|---|---|
| 999 |
_c17289 _d17289 |
||
| 008 | 181016b xxu||||| |||| 00| 0 eng d | ||
| 020 | _a0855699774 | ||
| 050 |
_aRM302 _b.S76 2011 c.1 |
||
| 245 |
_aStockley's Drug Interactions 2011 _cedited by Karen Baxter |
||
| 260 |
_aLondon _bPharmaceutical Press _c2011 |
||
| 300 | _axi, 544p. | ||
| 650 |
_aDrug interactions _vhandbooks, manuals etc |
||
| 942 |
_2lcc _cBK |
||